[Event "Campeonato de Aragón por Equipos 2008 "]
[Site "Aragón"]
[Date "2008.02.23"]
[Round "4.51"]
[White "Vasilev Vas"]
[Black "Laplaza Ara Carlos"]
[Result "1/2-1/2"]
[WhiteElo "1925"]
[BlackElo "2008"]

1.d4 d5 2.Nf3 Nf6 3.Bg5 e6 4.Nbd2 Be7 5.e3 O-O 6.c3 c5 7.Bd3 b6 8.Ne5 Bb7 9.
Qf3 Nbd7 10.h4 Qc7 11.Nxd7 Qxd7 12.Bxf6 Bxf6 13.Qh3 Rad8 14.f4 Be7 15.Nf3 f6
16.g4 Bd6 17.g5 f5 18.g6 h6 19.h5 Rc8 20.O-O b5 21.dxc5 Rxc5 22.Nd4 a6 23.a3
Rcc8 24.Qh4 Be7 25.Qh2 Bf6 26.Qd2 Bc6 27.Qc2 Bxd4 28.exd4 Qa7 29.Kh2 Qb6 30.
Rfe1 Bd7 31.Kg3 a5 32.Qd2 Rb8 33.Qe3 Qd6 34.Qe5 Qxe5 35.dxe5 Rfc8 36.Kf2 Kf8
37.Ke3 Ke7 38.Re2 Rc7 39.Kd4 Rcb7 40.Rc1 Rc7 41.Rec2 a4 1/2-1/2

[Event "Campeonato de Aragón por Equipos 2008 "]
[Site "Aragón"]
[Date "2008.02.23"]
[Round "4.52"]
[White "Gella Bitrian Diego"]
[Black "Buil  Montanes Carlos"]
[Result "1-0"]
[WhiteElo "1844"]
[BlackElo "1838"]

1.e4 e6 2.d4 d5 3.Nd2 Be7 4.e5 Nh6 5.Bd3 O-O 6.Ne2 f6 7.Nf3 Nf7 8.exf6 Bxf6 9.
Bf4 c5 10.c3 cxd4 11.cxd4 Nc6 12.O-O e5 13.dxe5 Nfxe5 14.Nxe5 Nxe5 15.Bxe5
Bxe5 16.Nc3 Bxc3 17.bxc3 Bf5 18.Rb1 b6 19.Qe2 Bxd3 20.Qxd3 Rc8 21.Rb5 Rc5 22.
Rxc5 bxc5 23.Rd1 Re8 24.f4 d4 25.Qc4+ Kh8 26.Qxc5 Qh4 27.g3 Qg4 28.Qxd4 h6 29.
Rf1 Re2 30.Rf2 Re1+ 31.Kg2 Qf5 32.c4 Qb1 33.Rd2 Rg1+ 34.Qxg1 1-0

[Event "Campeonato de Aragón por Equipos 2008 "]
[Site "Aragón"]
[Date "2008.02.23"]
[Round "4.53"]
[White "Solano Lasierra Javier"]
[Black "Lopez Gracia Fernando"]
[Result "1/2-1/2"]
[WhiteElo "2146"]
[BlackElo "2293"]

1.d4 d5 2.c4 c6 3.Nf3 Nf6 4.e3 a6 5.Nbd2 Bf5 6.Be2 e6 7.O-O Nbd7 8.b3 Bd6 9.
Bb2 O-O 10.Ne5 Ne4 11.Nxe4 Bxe4 12.Nxd7 Qxd7 13.Bd3 Bxd3 14.Qxd3 f5 15.f4 b5
16.a4 Rfb8 17.Rfb1 Bf8 18.Bc3 bxc4 19.bxc4 dxc4 20.Qxc4 Qd5 21.Qxd5 cxd5 22.
Ba5 Bd6 23.Bb6 Kf7 24.Kf2 Ke7 25.Ke2 Kd7 26.Kd3 Rb7 27.Ra2 Rab8 28.Rab2 Bc7
29.a5 Bd8 30.Rb3 Bxb6 31.axb6 Kd6 32.R3b2 h6 33.h4 h5 34.Rb3 Ke7 35.Ke2 Kd6
1/2-1/2

[Event "Campeonato de Aragón por Equipos 2008 "]
[Site "Aragón"]
[Date "2008.02.23"]
[Round "4.54"]
[White "Quintin Navarro Alberto"]
[Black "Pellicer Cemeli Jose Luis"]
[Result "1-0"]
[WhiteElo "1975"]
[BlackElo "2073"]

1.d4 Nf6 2.c4 e5 3.dxe5 Ng4 4.Bf4 g5 5.Bg3 Nc6 6.Nf3 Bg7 7.e3 Ngxe5 8.Nc3 d6
9.h4 h6 10.hxg5 hxg5 11.Rxh8+ Bxh8 12.Qc2 Nxf3+ 13.gxf3 Be6 14.O-O-O Qf6 15.c5
O-O-O 16.cxd6 Nb4 17.Qb1 Qxf3 18.Bb5 Bxc3 19.bxc3 Nxa2+ 20.Kb2 cxd6 21.Ba4
Qe2+ 22.Qc2 Qa6 23.Bb3 Bxb3 24.Qxb3 Kb8 25.Rd2 Nxc3 26.Qxc3 Qb5+ 27.Qb3 Qf5
28.Rxd6 Rxd6 29.Bxd6+ Kc8 30.Qc4+ Kd7 31.Qc7+ Ke6 32.Qe7+ Kd5 33.Bg3 b5 34.
Qxa7 Ke4 35.Qb7+ Kd3 36.Qc6 Ke2 37.Qc2+ Qxc2+ 38.Kxc2 Kf3 39.Kb3 f5 40.Kb4 f4
41.exf4 gxf4 42.Bh4 1-0

[Event "Campeonato de Aragón por Equipos 2008 "]
[Site "Aragón"]
[Date "2008.02.23"]
[Round "4.55"]
[White "Felez Casedas Carlos"]
[Black "Arregui Unotria Carlos"]
[Result "1/2-1/2"]
[WhiteElo "1983"]
[BlackElo "1925"]

1.e4 c5 2.d3 d6 3.g3 Nf6 4.Bg2 Nc6 5.Nc3 g6 6.f4 Bg7 7.Nf3 Bg4 8.h3 Bxf3 9.
Qxf3 O-O 10.O-O Rb8 11.Nd1 Qa5 12.Ne3 b5 13.Qf2 Qa6 14.g4 Nd7 15.c3 b4 16.c4
Nd4 17.Nc2 Nxc2 18.Qxc2 b3 19.Qb1 Bd4+ 20.Kh1 Qa4 21.axb3 Qxb3 22.Rxa7 Nb6 23.
Ra3 Qb4 24.Qc2 Nc8 25.Ra2 Qb3 26.Qxb3 Rxb3 27.Ra3 Rb6 28.b3 e6 29.Bd2 Ne7 30.
Rb1 Nc6 31.e5 dxe5 32.Bxc6 Rxc6 33.fxe5 Bxe5 34.Be3 Rd8 35.Rd1 Bc3 36.Ra7 e5
37.Rf1 f6 38.Bh6 Rcd6 39.Rg7+ Kh8 40.Rc7 1/2-1/2

[Event "Campeonato de Aragón por Equipos 2008 "]
[Site "Aragón"]
[Date "2008.02.23"]
[Round "4.56"]
[White "Plo Palacian Sandra"]
[Black "Puertolas Serena Arturo"]
[Result "0-1"]
[WhiteElo "1921"]
[BlackElo "1916"]

1.e4 Nf6 2.e5 Nd5 3.d4 d6 4.c4 Nb6 5.exd6 cxd6 6.Nc3 g6 7.Be3 Bg7 8.Rc1 Nc6 9.
Be2 O-O 10.Nf3 Bg4 11.b3 e5 12.d5 Ne7 13.O-O Bxf3 14.Bxf3 Nf5 15.Qe1 Nd7 16.
Ne4 b6 17.Bd1 Nxe3 18.fxe3 Nc5 19.Bc2 Nxe4 20.Bxe4 f5 21.Bc2 e4 22.a3 Qg5 23.
Rb1 Bh6 24.Rf4 Qf6 25.Rf2 Qe5 26.g3 Rac8 27.Bd1 Rc7 28.Rc1 Rfc8 29.Rfc2 Bg5
30.b4 h5 31.h4 Bh6 32.Kg2 Qe8 33.Qf2 Qf7 34.Qe2 Bg7 35.Qd2 Be5 36.Qf2 Kh7 37.
a4 Kh6 38.Be2 Rg8 39.Rg1 Qf6 40.Bd1 g5 41.hxg5+ Rxg5 42.Kh3 Rcg7 0-1

[Event "Campeonato de Aragón por Equipos 2008 "]
[Site "Aragón"]
[Date "2008.02.23"]
[Round "4.57"]
[White "Lafarga Santorroman David"]
[Black "Navarro Alonso Jorge Luis"]
[Result "0-1"]
[WhiteElo "2278"]
[BlackElo "2136"]

1.d4 d5 2.c4 e6 3.Nc3 c6 4.e3 Nf6 5.Nf3 Nbd7 6.Bd3 dxc4 7.Bxc4 b5 8.Bd3 b4 9.
Ne4 Be7 10.Nxf6+ Nxf6 11.e4 Bb7 12.Qe2 c5 13.Bb5+ Kf8 14.e5 Nd5 15.O-O h6 16.
dxc5 Bxc5 17.Bd2 Qb6 18.Bd3 Rc8 19.a3 a5 20.Rfc1 Ke7 21.axb4 axb4 22.Ba6 Bxa6
23.Rxa6 Bxf2+ 24.Kf1 Rxc1+ 25.Bxc1 Qc5 26.Ra1 Be3 27.Nd2 Ra8 28.Rxa8 Qxc1+ 29.
Qe1 Bxd2 30.Qxc1 Bxc1 31.Ra7+ Ke8 32.b3 g6 33.Ra8+ Ke7 34.Ra7+ Kf8 35.Ke2 Bf4
36.g3 Bxe5 37.Kf3 Kg7 38.Ke4 Bc7 39.Rb7 h5 40.Kf3 g5 41.h3 Kg6 42.g4 h4 43.Ke4
f6 44.Kf3 Be5 45.Kg2 Nf4+ 46.Kh2 f5 47.Rb5 Kf6 48.Rb7 Bd6 49.Rd7 Bc5 50.Rc7
Bd4 51.Rd7 Bc3 52.Rb7 Ne2 53.gxf5 exf5 54.Rb6+ Ke5 55.Rb5+ Kf4 56.Rc5 Nd4 57.
Rc4 Kf3 58.Rc5 g4 59.hxg4 fxg4 60.Rg5 Nxb3 61.Rf5+ Ke4 62.Rh5 Be1 63.Rg5 Kf4
64.Rd5 Nd2 65.Rd4+ Kf3 66.Rd3+ Kf2 67.Kh1 b3 68.Rd4 b2 69.Kh2 g3+ 70.Kh3 b1=Q
0-1

[Event "Campeonato de Aragón por Equipos 2008 "]
[Site "Aragón"]
[Date "2008.02.23"]
[Round "4.58"]
[White "Jaques Burguete Raul"]
[Black "Valles Mata David"]
[Result "0-1"]
[WhiteElo "2127"]
[BlackElo "2107"]

1.e4 e6 2.e5 d5 3.exd6 cxd6 4.d4 Nf6 5.Nf3 Nc6 6.c3 Be7 7.Bd3 e5 8.Qe2 Bg4 9.
dxe5 Nxe5 10.Bb5+ Nfd7 11.Bf4 O-O 12.h3 Nxf3+ 13.gxf3 Bg5 14.hxg4 Bxf4 15.Kf1
Ne5 16.Na3 Qb6 17.Rd1 Ng6 18.Rd4 Be5 19.Rb4 a5 20.Re4 h6 21.g5 hxg5 22.f4 gxf4
23.Qh5 Rfc8 24.Bc4 Rxc4 25.Nxc4 Qc6 26.f3 Kf8 27.Nxe5 dxe5 28.Rh2 Rd8 29.Rhe2
Rd1+ 30.Re1 Qb5+ 31.Re2 Rd3 32.Kg2 Qd5 33.Qh3 Qxf3+ 34.Qxf3 Nh4+ 35.Kf2 Rxf3+
36.Kg1 Rg3+ 37.Kh1 Rh3+ 38.Kg1 Nf3+ 39.Kg2 Rg3+ 40.Kf2 Nxe1 41.Rxe1 Re3 42.Rd1
g5 43.Rd7 g4 44.Rxb7 g3+ 45.Kg2 Re2+ 46.Kf1 f3 47.c4 g2+ 48.Kg1 Re1+ 0-1

[Event "Campeonato de Aragón por Equipos 2008 "]
[Site "Aragón"]
[Date "2008.02.23"]
[Round "4.60"]
[White "Ainsa Ignacio"]
[Black "Santorroman Jovellar Javier"]
[Result "0-1"]
[WhiteElo "1935"]
[BlackElo "1822"]

1.c4 Nf6 2.Nc3 e6 3.Nf3 d5 4.cxd5 exd5 5.d3 Be7 6.Bf4 a6 7.e3 O-O 8.Be2 Re8 9.
O-O Nh5 10.Bg3 Nxg3 11.hxg3 c6 12.d4 Be6 13.Ne5 Nd7 14.f4 Nxe5 15.fxe5 f6 16.
Bd3 g6 17.Qc2 Kg7 18.exf6+ Bxf6 19.Ne2 Bg4 20.Nf4 Rxe3 21.Bxg6 Bxd4 22.Kh2 Qg5
23.Qd2 c5 24.Bh5 Qh6 25.Qa5 Bxh5 26.Qc7+ Kg8 27.Rf2 Rae8 28.Raf1 R3e7 29.Qa5
Bg4+ 30.Nh3 Bxh3 31.gxh3 Bxf2 0-1

[Event "Campeonato de Aragón por Equipos 2008 "]
[Site "Aragón"]
[Date "2008.02.23"]
[Round "4.61"]
[White "Munoz Munoz Juan Carlos"]
[Black "Martin Catalan Juan Vicente"]
[Result "1/2-1/2"]
[WhiteElo "2137"]
[BlackElo "2122"]

1.d4 Nf6 2.Nf3 d5 3.c4 e6 4.Nc3 Be7 5.Bg5 O-O 6.e3 Re8 7.cxd5 exd5 8.Bd3 Nbd7
9.O-O c6 10.Qc2 Nf8 11.Rab1 N6d7 12.Bxe7 Rxe7 13.b4 a6 14.a4 Nb6 15.b5 cxb5
16.axb5 a5 17.Na4 Rc7 18.Qb3 Nfd7 19.Rfc1 Nxa4 20.Qxa4 Nb6 21.Qa2 Be6 22.Rc5
Nd7 23.b6 Rxc5 24.dxc5 Nxc5 25.Qc2 Nxd3 26.Qxd3 a4 27.Nd4 a3 28.Qb3 a2 29.Ra1
g6 30.h3 Ra6 31.Rxa2 Qxb6 32.Rxa6 Qxa6 33.Qb4 1/2-1/2

[Event "Campeonato de Aragón por Equipos 2008 "]
[Site "Aragón"]
[Date "2008.02.23"]
[Round "4.62"]
[White "Barcena Francisco"]
[Black "Sanchez Moreno Jose Carlos"]
[Result "1-0"]
[WhiteElo "1970"]
[BlackElo "2019"]

1.d4 d5 2.e4 dxe4 3.Nc3 Nf6 4.f3 exf3 5.Nxf3 e6 6.Bg5 Be7 7.Bd3 Nbd7 8.O-O O-O
9.Qe2 c5 10.Be3 cxd4 11.Bxd4 Bc5 12.Rad1 Bxd4+ 13.Nxd4 Qb6 14.Kh1 Nc5 15.Rxf6
Nxd3 16.Rxd3 Qxb2 17.Rf1 b6 18.Qe4 Ba6 19.Rh3 f5 20.Qxe6+ Kh8 21.Rb1 Qa3 22.
Qg6 h6 23.Nxf5 Rxf5 24.Qxf5 Qe7 25.Qe4 Qf8 26.Qe5 Kh7 27.Ne4 Re8 28.Qd4 Bb7
29.Ng5+ Kg8 30.Qc4+ Kh8 31.Nf7+ Kh7 32.Rf1 Qe7 33.Qf4 Bd5 34.Rxh6+ gxh6 35.
Qxh6+ 1-0

[Event "Campeonato de Aragón por Equipos 2008 "]
[Site "Aragón"]
[Date "2008.02.23"]
[Round "4.63"]
[White "Martinez Crespo Juan"]
[Black "Gil David"]
[Result "1-0"]
[WhiteElo "1896"]
[BlackElo "1936"]

1.e4 c5 2.Nf3 g6 3.d4 cxd4 4.Nxd4 Nc6 5.Be3 Nf6 6.f3 Bg7 7.c4 O-O 8.Qd2 d6 9.
Nc3 Nxd4 10.Bxd4 Be6 11.Be2 Qa5 12.O-O Rfc8 13.b3 a6 14.Rfd1 b5 15.cxb5 axb5
16.Nxb5 Qxd2 17.Rxd2 Nxe4 18.fxe4 Bxb3 19.Bxg7 Kxg7 20.Nd4 Bc4 21.Bxc4 Rxc4
22.Kf2 Raa4 23.Rad1 e5 24.Nb5 Rxe4 25.Nxd6 Rf4+ 26.Ke2 Ra3 27.Rf1 Rxf1 28.Kxf1
f5 29.Nc4 1-0

[Event "Campeonato de Aragón por Equipos 2008 "]
[Site "Aragón"]
[Date "2008.02.23"]
[Round "4.64"]
[White "Pache Marconell Juan Manuel"]
[Black "Moreno Mario"]
[Result "1/2-1/2"]
[WhiteElo "1510"]
[BlackElo "1853"]

1.d4 Nf6 2.Nf3 e6 3.Bg5 d5 4.e3 Nbd7 5.Bd3 h6 6.Bh4 Be7 7.Nbd2 O-O 8.Qe2 c5 9.
c3 a6 10.O-O b5 11.Ne5 Bb7 12.f4 c4 13.Bc2 Ne4 14.Bxe7 Qxe7 15.Ndf3 Nb6 16.Kh1
b4 17.Bxe4 dxe4 18.Nd2 bxc3 19.bxc3 Nd5 20.Nxe4 Rfc8 21.Rab1 Ra7 22.Rb2 f5 23.
Nc5 a5 24.Nxc4 Rxc5 25.Rxb7 Rxb7 26.dxc5 Qxc5 27.e4 Nxc3 28.Qf3 Nxe4 29.Qe2
Rc7 30.Ne5 Qa3 1/2-1/2

[Event "Campeonato de Aragón por Equipos 2008 "]
[Site "Aragón"]
[Date "2008.03.01"]
[Round "5.1"]
[White "Colas Longares Rafael P"]
[Black "Martinez Martin David"]
[Result "0-1"]
[WhiteElo "2328"]
[BlackElo "2395"]

1.e4 e6 2.d4 d5 3.Nc3 Nf6 4.Bg5 Bb4 5.e5 h6 6.Bd2 Bxc3 7.bxc3 Ne4 8.Qg4 Kf8 9.
Bd3 Nxd2 10.Kxd2 c5 11.h4 Nc6 12.Rh3 c4 13.Bf1 b5 14.Ne2 a5 15.a3 Bd7 16.Rg3
Rg8 17.Rb1 Rb8 18.Rf3 Ke8 19.Ng3 Qe7 20.Nh5 Qf8 21.Rg3 Ne7 22.Rf3 Kd8 23.g3
Nf5 24.Qf4 Kc7 25.Ra1 b4 26.Bh3 g5 27.Qg4 b3 28.Nf6 b2 29.Rb1 Qxa3 30.Nxd7 Qa2
31.Rxf5 Qxb1 32.Rxf7 Qc1+ 33.Ke2 Qxc2+ 34.Kf3 Qe4+ 35.Qxe4 dxe4+ 36.Kg2 g4 37.
Nxb8+ Kxb8 38.Bxg4 0-1

[Event "Campeonato de Aragón por Equipos 2008 "]
[Site "Aragón"]
[Date "2008.03.01"]
[Round "5.2"]
[White "Fontana Sotomayour Luis Javier"]
[Black "Garcia Vicente Nieves"]
[Result "0-1"]
[WhiteElo "2332"]
[BlackElo "2219"]

1.e4 e5 2.Nc3 Nf6 3.Bc4 Nc6 4.d3 Bb4 5.Ne2 d5 6.exd5 Nxd5 7.O-O Be6 8.Bxd5
Bxd5 9.f4 O-O 10.f5 f6 11.Nxd5 Qxd5 12.Ng3 Rad8 13.Ne4 Be7 14.Be3 Nd4 15.Rf2
b6 16.Qg4 a5 17.b3 Kh8 18.Rd1 Qf7 19.Bxd4 Rxd4 20.Rf3 Rfd8 21.Rh3 h6 22.Rf1 a4
23.Qe2 axb3 24.axb3 Ra8 25.g4 Bc5 26.Kh1 Ra2 27.Qg2 Bf8 28.g5 fxg5 29.Nxg5 Qd5
30.Ne4 Qc6 31.Rg1 Rxc2 32.Qg4 Rc1 33.Qe2 Rxg1+ 34.Kxg1 Qc1+ 35.Kg2 Rd8 36.Rg3
Qf4 37.Qh5 Ra8 38.Kh3 Qf1+ 39.Rg2 Qxd3+ 40.Ng3 Be7 41.Ra2 Rxa2 42.Qe8+ Kh7 43.
Qxe7 Qd6 44.Qe8 Rb2 45.Qf7 e4 46.Kg4 Rxh2 47.Nxe4 Qd1+ 48.Kg3 Qg1+ 49.Kf4 Rh4+
50.Ke5 Qa1+ 51.Kd5 Qa5+ 52.Kc6 Qa8+ 53.Kd7 Qxe4 0-1

[Event "Campeonato de Aragón por Equipos 2008 "]
[Site "Aragón"]
[Date "2008.03.01"]
[Round "5.3"]
[White "Ferrer Serrano Roberto"]
[Black "Antoli Royo Joaquin Miguel"]
[Result "0-1"]
[WhiteElo "2203"]
[BlackElo "2308"]

1.d4 Nf6 2.Nf3 c5 3.e3 b6 4.Be2 Bb7 5.O-O e6 6.c4 Be7 7.Nc3 d5 8.b3 O-O 9.Ba3
Nbd7 10.Rc1 Rc8 11.cxd5 exd5 12.dxc5 bxc5 13.Na4 Ne4 14.Nd2 Nef6 15.Nf3 Re8
16.Qd3 Ne4 17.Bb2 Bd6 18.b4 cxb4 19.Qd4 Ne5 20.Qxa7 Nxf3+ 21.Bxf3 Bc6 22.Bxe4
dxe4 23.Qa6 Re6 24.g3 Bd7 25.Rxc8 Qxc8 26.Qxc8+ Bxc8 27.Rc1 Re8 28.Rd1 Bf8 29.
Nb6 Be6 30.Rd2 f5 31.Bd4 Rb8 32.Rb2 Rb7 33.Kf1 Ra7 0-1

[Event "Campeonato de Aragón por Equipos 2008 "]
[Site "Aragón"]
[Date "2008.03.01"]
[Round "5.4"]
[White "Cortes Lizano Jesus"]
[Black "Cabrera Moreno Daniel"]
[Result "0-1"]
[WhiteElo "2247"]
[BlackElo "2184"]

1.Nf3 Nf6 2.e3 g6 3.b3 Bg7 4.Bb2 d6 5.d4 Nbd7 6.Nbd2 c6 7.Bd3 Qc7 8.c4 O-O 9.
Qc2 e5 10.O-O b6 11.Rae1 c5 12.dxe5 dxe5 13.Be4 Nxe4 14.Nxe4 Bb7 15.Nfd2 Rad8
16.Nc3 Rfe8 17.e4 Nf8 18.Nd5 Qd6 19.Rd1 Ne6 20.Nf3 Nd4 21.Nxd4 cxd4 22.a4 Qc5
23.b4 Qc8 24.Qb3 Qd7 25.f4 Bxd5 26.exd5 f6 27.Rde1 Bh6 28.fxe5 fxe5 29.Re4
Be3+ 30.Rxe3 dxe3 31.Qxe3 Qxa4 32.Qc3 Qd7 33.Rd1 Qg4 34.Qc2 Rc8 35.Rc1 Qd7 36.
Qb3 Rcd8 37.Rd1 Qg4 38.c5 bxc5 39.bxc5 Rb8 0-1

[Event "Campeonato de Aragón por Equipos 2008 "]
[Site "Aragón"]
[Date "2008.03.01"]
[Round "5.5"]
[White "Baron Rodriguez Jesus"]
[Black "Garza Marco Sergio"]
[Result "1/2-1/2"]
[WhiteElo "2421"]
[BlackElo "2373"]

1.e4 e6 2.d4 d5 3.Nd2 Be7 4.Ngf3 Nf6 5.Bd3 c5 6.c3 Nc6 7.O-O cxd4 8.cxd4 dxe4
9.Nxe4 O-O 10.Be3 Nb4 11.Bb1 Nbd5 12.Ne5 Qb6 13.Qe2 Nxe3 14.fxe3 Nxe4 15.Bxe4
f5 16.Bc2 Bf6 17.Nc4 Qc7 18.Bb3 Bd7 19.Rac1 Rac8 20.Rxf5 b6 21.Rc3 Qb8 22.Rf1
Kh8 23.Nd2 Qb7 24.Bc2 Qd5 25.Be4 Qg5 26.Rfc1 Rxc3 27.bxc3 Be8 28.c4 Bh5 29.Bf3
Bxd4 30.Re1 Bc3 31.Bxh5 Bxd2 32.Qxd2 Qxh5 33.h3 h6 34.Rf1 Rxf1+ 35.Kxf1 Qf5+
36.Kg1 Kh7 37.Qd4 1/2-1/2

[Event "Campeonato de Aragón por Equipos 2008 "]
[Site "Aragón"]
[Date "2008.03.01"]
[Round "5.6"]
[White "Lamas Mercadal Manuel"]
[Black "Hefty Hilardo Jorge Walter"]
[Result "0-1"]
[WhiteElo "2246"]
[BlackElo "2340"]

1.e4 e6 2.d4 d5 3.e5 c5 4.c3 Nc6 5.Nf3 Bd7 6.Be2 Nge7 7.Na3 cxd4 8.cxd4 Nf5 9.
Nc2 Rc8 10.O-O Be7 11.Ne3 Nxe3 12.Bxe3 O-O 13.Bd3 Nb4 14.Bb1 Bb5 15.Re1 Qc7
16.Bg5 Bxg5 17.Nxg5 h6 18.Nh7 Rfd8 19.Qb3 Qc4 20.Nf6+ Kh8 21.Qe3 Nc6 22.a4 Ba6
23.Nh5 Qxd4 24.Qg3 Rg8 25.h3 Qxb2 26.Ra2 Qb4 27.Rd1 Nd4 28.Nf4 Qb3 29.Qg6
Qxd1+ 30.Kh2 Nf5 31.Bxf5 exf5 32.Qxf7 Qb1 33.Rb2 Qe4 34.Ng6+ Kh7 35.f3 Qd3 36.
Rd2 Rc7 37.Qxc7 Qxd2 38.Qf7 Bf1 39.Nh4 Qf4+ 40.g3 Qxe5 41.f4 Qf6 0-1

[Event "Campeonato de Aragón por Equipos 2008 "]
[Site "Aragón"]
[Date "2008.03.01"]
[Round "5.7"]
[White "Aguirre Izaguirre Pedro Jose"]
[Black "Llanes Luno Ricardo"]
[Result "0-1"]
[WhiteElo "2272"]
[BlackElo "2233"]

1.c4 e5 2.Nc3 f5 3.g3 Nf6 4.Bg2 g6 5.d3 Bg7 6.e4 d6 7.Nge2 O-O 8.O-O c6 9.b3
Nh5 10.f3 f4 11.g4 Nf6 12.d4 h5 13.dxe5 dxe5 14.g5 Qb6+ 15.Kh1 Rd8 16.Qc2 Ne8
17.h4 Na6 18.Na4 Qa5 19.a3 b5 20.Nb2 Be6 21.Nd3 bxc4 22.bxc4 Nc5 23.Nb4 Qc7
24.Bb2 a5 25.Na2 Qf7 26.Rad1 Nd6 27.Nac3 Nxc4 28.Bc1 Nd6 29.Nd5 cxd5 30.exd5
Bxd5 31.Qxc5 Nf5 32.Kh2 Nxh4 33.Nc3 Be6 34.Rxd8+ Rxd8 35.Qxa5 Qe7 36.Ne4 Bf5
37.Qb4 Qd7 38.Rf2 Qd1 39.Qc4+ Kh8 40.Nf6 Qe1 41.Qf1 Nxg2 42.Kxg2 Qxf1+ 43.Rxf1
Bxf6 44.gxf6 Kg8 45.Bb2 Rd5 46.Rf2 Kf7 47.Re2 Kxf6 48.a4 g5 0-1

[Event "Campeonato de Aragón por Equipos 2008 "]
[Site "Aragón"]
[Date "2008.03.01"]
[Round "5.8"]
[White "Roche Simon Miguel Angel"]
[Black "Antolin Concha Diego"]
[Result "0-1"]
[WhiteElo "2087"]
[BlackElo "2055"]

1.e4 c5 2.Nf3 d6 3.d4 cxd4 4.Nxd4 Nf6 5.Nc3 a6 6.Bg5 e6 7.f4 h6 8.Bxf6 Qxf6 9.
Qd2 g5 10.g3 gxf4 11.gxf4 Nc6 12.Nf3 b5 13.O-O-O Bb7 14.Rg1 O-O-O 15.Kb1 Bg7
16.Qe3 Kb8 17.Be2 Rhg8 18.Rg3 Rge8 19.a3 Bh8 20.Rgg1 Kc8 21.Rd2 Ne7 22.e5 Nf5
23.Qb6 Qe7 24.exd6 Rxd6 25.Rxd6 Qxd6 26.Qxd6 Nxd6 27.Ne5 Kd8 28.Bh5 Ke7 29.Ne2
Bxe5 30.fxe5 Nc4 31.Rg7 Nxe5 32.Rh7 Rg8 33.Nf4 Rg1+ 34.Ka2 Rf1 35.Ne2 Rh1 36.
Rxh6 Rxh2 37.Kb3 Bf3 38.Nf4 Rh4 39.Bxf3 Rxh6 40.Bb7 Nd7 41.Nd3 e5 42.Bc8 e4
43.Nf4 Kd8 44.Bxd7 Kxd7 45.c4 bxc4+ 46.Kxc4 Rd6 47.b4 e3 48.a4 Kc6 49.Kc3 f5
50.Kc4 Rd2 51.Kc3 Rd7 52.Kc4 Rd2 53.Kc3 Rd8 54.Kc4 Kb7 55.b5 axb5+ 56.axb5 Kb6
57.Kc3 Kxb5 0-1

[Event "Campeonato de Aragón por Equipos 2008 "]
[Site "Aragón"]
[Date "2008.03.01"]
[Round "5.9"]
[White "Hinojar Basa Alfonso"]
[Black "Del Rey Diego"]
[Result "0-1"]
[WhiteElo "2210"]
[BlackElo "2382"]

1.e4 d6 2.d4 Nf6 3.Nc3 e5 4.Nf3 Nbd7 5.Bc4 Be7 6.O-O O-O 7.a4 c6 8.Re1 b6 9.b3
a6 10.Bb2 Rb8 11.Bf1 b5 12.axb5 axb5 13.Na2 Qc7 14.Nb4 d5 15.Na6 Bxa6 16.Rxa6
Nxe4 17.Qa1 Rb6 18.dxe5 Rxa6 19.Qxa6 Bc5 20.Bd4 Bxd4 21.Nxd4 Nxe5 22.c4 Nc5
23.Qa2 dxc4 24.bxc4 b4 25.Qb1 g6 26.f4 Qd6 27.Rd1 Ng4 28.g3 Na4 29.Qd3 Nb2 0-1

[Event "Campeonato de Aragón por Equipos 2008 "]
[Site "Aragón"]
[Date "2008.03.01"]
[Round "5.10"]
[White "Chueca Forcen Alberto"]
[Black "Jario Garcia Ricardo Javier"]
[Result "1-0"]
[WhiteElo "2283"]
[BlackElo "2150"]

1.d4 d5 2.c4 e6 3.Nc3 Nf6 4.cxd5 exd5 5.Bg5 Nbd7 6.e3 Bb4 7.Nf3 c5 8.Be2 Qa5
9.O-O Bxc3 10.bxc3 c4 11.Bxf6 Nxf6 12.Qc2 Ne4 13.Bxc4 Bd7 14.Bd3 Ba4 15.Qb1
Nxc3 16.Qxb7 O-O 17.Qa6 Qb4 18.a3 Qb2 19.Qd6 Rab8 20.Qe7 a5 21.Qc5 Bb5 22.Bxb5
Rxb5 23.Qc7 Nb1 24.a4 Rbb8 25.Raxb1 Qxb1 26.Qxa5 Qb7 27.Qd2 Qb3 28.a5 Rfc8 29.
Ne5 Rc2 30.Qd1 Ra2 31.Qg4 Qb5 32.Qf5 Qb7 33.Nd7 Rd8 34.Nc5 Qb5 35.a6 Rb8 36.g3
Qc6 37.Rb1 Rbb2 38.Rxb2 Rxb2 39.a7 Qa8 40.Qe5 1-0

[Event "Campeonato de Aragón por Equipos 2008 "]
[Site "Aragón"]
[Date "2008.03.01"]
[Round "5.11"]
[White "Fabre Perez Jose Maria"]
[Black "Sanz Arilla Luis"]
[Result "0-1"]
[WhiteElo "2081"]
[BlackElo "2262"]

1.e4 d6 2.d4 Nf6 3.Nc3 Nbd7 4.Nf3 e5 5.Be2 Be7 6.O-O c6 7.h3 O-O 8.Be3 b5 9.a3
a6 10.d5 c5 11.Nd2 Ne8 12.f4 f5 13.exf5 exf4 14.Bxf4 Rxf5 15.Bg4 Rf8 16.Qe2
Ndf6 17.Bxc8 Rxc8 18.Rae1 Rf7 19.Nde4 Nxe4 20.Nxe4 Nc7 21.Qd2 Qd7 22.Bg5 Rcf8
23.Rxf7 Rxf7 24.Bxe7 Rxe7 25.Qg5 Rf7 26.Qg3 Nxd5 27.Nxd6 Re7 28.Rxe7 Qxe7 29.
Nf5 Qc7 30.Qf3 Ne7 31.Qe4 Kf7 32.Nxe7 Qxe7 33.Qd5+ Kf6 34.Qf3+ Kg6 35.Qg4+ Kh6
36.Qf4+ g5 37.Qd2 Qe5 38.h4 Qd4+ 39.Qxd4 cxd4 40.hxg5+ Kxg5 41.Kf2 Kf4 42.a4
bxa4 43.Ke2 Kg3 44.Kf1 Kf4 45.Ke2 Ke4 46.Kd2 Kd5 47.Kd3 a5 48.Ke2 Kc4 49.Kd2
h5 50.g3 a3 51.bxa3 a4 52.Kd1 Kc3 53.Kc1 d3 54.cxd3 Kxd3 0-1

[Event "Campeonato de Aragón por Equipos 2008 "]
[Site "Aragón"]
[Date "2008.03.01"]
[Round "5.12"]
[White "Hernando Garcia Antonio"]
[Black "Gaspar Calvo Luis Alberto"]
[Result "0-1"]
[WhiteElo "2212"]
[BlackElo "1939"]

1.Nf3 Nf6 2.c4 e6 3.Nc3 Bb4 4.d3 O-O 5.Bd2 d5 6.cxd5 exd5 7.a3 Ba5 8.b4 Bb6 9.
Bg5 c6 10.d4 a5 11.e3 axb4 12.axb4 Rxa1 13.Qxa1 Qd6 14.Qa4 Ne4 15.Nxe4 dxe4
16.Nd2 Qg6 17.Bf4 Nd7 18.Nc4 Bxd4 19.exd4 b5 20.Qc2 bxc4 21.Qxc4 Nb6 22.Qc5
Nd5 23.Bd6 Rd8 24.Bg3 e3 25.fxe3 Qe4 26.Be2 Qb1+ 27.Bd1 Nxe3 28.Kd2 Nxd1 29.
Rxd1 Qb2+ 30.Ke3 Re8+ 31.Be5 Qxg2 32.Rd2 Qg5+ 33.Kd3 Bf5+ 34.Ke2 Qg4+ 35.Kf1
Qh3+ 36.Ke1 Ra8 37.Rf2 Ra1+ 0-1

[Event "Campeonato de Aragón por Equipos 2008 "]
[Site "Aragón"]
[Date "2008.03.01"]
[Round "5.13"]
[White "Guetas Sanchez Hugo"]
[Black "Adla Diego Gustavo"]
[Result "0-1"]
[WhiteElo "2159"]
[BlackElo "2491"]

1.e4 c5 2.d4 cxd4 3.c3 dxc3 4.Nxc3 Nc6 5.Nf3 e6 6.Bc4 a6 7.O-O Nge7 8.Bg5 f6
9.Be3 Ng6 10.Nd4 Be7 11.f4 O-O 12.a3 Nxd4 13.Qxd4 Kh8 14.Rf3 d5 15.exd5 e5 16.
Qb6 Bg4 17.Rg3 f5 18.Qxd8 Raxd8 19.h3 exf4 20.Bxf4 Nxf4 21.hxg4 Bc5+ 22.Kh1 g5
23.Ne2 b5 24.Bd3 fxg4 25.Nxf4 gxf4 0-1

[Event "Campeonato de Aragón por Equipos 2008 "]
[Site "Aragón"]
[Date "2008.03.01"]
[Round "5.14"]
[White "Glavina Rossi Pablo"]
[Black "Sig Vargas Marcos"]
[Result "1-0"]
[WhiteElo "2458"]
[BlackElo "2101"]

1.d4 f5 2.g3 Nf6 3.Bg2 g6 4.c4 Bg7 5.Nh3 c6 6.d5 Qb6 7.O-O O-O 8.Qc2 Na6 9.Be3
c5 10.Nc3 e5 11.dxe6 dxe6 12.Rad1 Bd7 13.Bf4 Bc6 14.Na4 Qa5 15.Bxc6 bxc6 16.
Be5 Rfe8 17.b3 h6 18.Qb2 Kf7 19.Rd6 Rac8 20.Nf4 g5 21.Nd3 Ke7 22.Rd1 Red8 23.
Qa1 Rxd6 24.Bxd6+ Kxd6 25.Ndxc5+ Ke7 26.Rd7+ Nxd7 27.Qxg7+ Kd6 28.Qxd7+ 1-0

[Event "Campeonato de Aragón por Equipos 2008 "]
[Site "Aragón"]
[Date "2008.03.01"]
[Round "5.15"]
[White "Andreu Sin Raul"]
[Black "Gomez Anadon Daniel"]
[Result "0-1"]
[WhiteElo "2045"]
[BlackElo "2315"]

1.d4 Nf6 2.Nc3 d5 3.g3 Bf5 4.Bg2 e6 5.Bg5 c5 6.e4 dxe4 7.dxc5 Nbd7 8.b4 h6 9.
Be3 b6 10.c6 Ne5 11.a3 Nxc6 12.Qxd8+ Rxd8 13.Nge2 Bd6 14.O-O Ke7 15.Rac1 Be5
16.Bf4 Bxf4 17.Nxf4 g5 18.Nfe2 Ne5 19.Nb5 Rd2 20.Rfe1 Bg4 21.Nec3 a6 22.Nxe4
Nxe4 23.Rxe4 Nf3+ 24.Bxf3 Bxf3 25.Re3 g4 26.Nc3 Rhd8 27.Ree1 Rc8 28.Na4 Rcxc2
29.Rxc2 Rxc2 30.Nxb6 Kd6 31.Ra1 Bc6 32.a4 Kc7 33.a5 Bb5 34.Rb1 Kd6 35.Rd1+ Ke7
36.Rb1 Kf6 37.Rd1 Rb2 38.Nc8 Rxb4 39.Ra1 Rd4 40.Nb6 Ke5 41.Nc8 Ra4 42.Rxa4
Bxa4 43.Kf1 Kd4 44.Ke1 Kc5 45.Kd2 Kb4 46.Nd6 f5 47.Nf7 h5 48.Nd8 Bd7 49.Nb7
Bc6 50.Nd6 Kxa5 51.Kc3 Bd5 52.Ne8 Kb5 53.Ng7 a5 54.Nxh5 a4 55.Nf4 a3 56.h4
gxh3 57.Nxh3 a2 58.Kb2 Kc5 59.Ng5 Kd4 60.Ka1 Kd3 61.f3 Ke3 62.g4 f4 63.Kb2 Kf2
64.Ka1 Kg3 65.Kb2 Kh4 66.Nf7 Bxf3 67.g5 Kh5 68.Nd8 Bd5 69.Nf7 Kg6 0-1

[Event "Campeonato de Aragón por Equipos 2008 "]
[Site "Aragón"]
[Date "2008.03.01"]
[Round "5.16"]
[White "Moreno Gracia Daniel"]
[Black "Sig Vargas Pablo"]
[Result "1-0"]
[WhiteElo "2188"]
[BlackElo "1896"]

1.c4 e5 2.Nc3 Bb4 3.Nd5 Be7 4.Nc3 Bb4 5.g3 Bxc3 6.bxc3 Nc6 7.Bg2 d6 8.d4 Bd7
9.Ba3 Qf6 10.e3 Rb8 11.Nf3 Na5 12.Nd2 b6 13.O-O Ne7 14.f4 exf4 15.Rxf4 Qg6 16.
c5 dxc5 17.dxc5 b5 18.Nf3 Nc4 19.c6 Bxc6 20.Bxe7 Bxf3 21.Bxf3 Kxe7 22.Bh5 Rhd8
23.Bxg6 Rxd1+ 24.Rxd1 hxg6 25.Re4+ Kf6 26.h4 g5 27.h5 Ne5 28.Rf1+ Ke6 29.Rxe5+
Kxe5 30.Rxf7 Ke4 31.Kg2 Kxe3 32.Rxg7 b4 33.cxb4 Rxb4 34.Rxg5 Rb2+ 35.Kh3 Rxa2
36.h6 Ra1 37.Kg4 Ra4+ 38.Kh5 Ra1 39.Kg6 Rd1 40.h7 Rd8 41.Kg7 Kd4 42.h8=Q Rxh8
43.Kxh8 c5 44.Rg7 a6 45.Ra7 1-0

[Event "Campeonato de Aragón por Equipos 2008 "]
[Site "Aragón"]
[Date "2008.03.01"]
[Round "5.17"]
[White "Llorente Zaro Alfonso"]
[Black "Villuendas Valero Adrian"]
[Result "1/2-1/2"]
[WhiteElo "2392"]
[BlackElo "2239"]

1.d4 Nf6 2.Bg5 e6 3.Nc3 Bb4 4.e3 c5 5.dxc5 Qa5 6.Bxf6 gxf6 7.Qd4 Ke7 8.O-O-O
Qxc5 9.Qxc5+ Bxc5 10.g3 Nc6 11.Ne4 b6 12.Bg2 Bb7 13.Ne2 Ne5 14.Nf4 Bxe4 15.
Bxe4 d5 16.Bg2 Rac8 17.Kb1 Rhd8 18.Nd3 1/2-1/2